00581 a2200145 4500020001500000040001300015082001400028100001900042245013900061260004500200300003300245500002000278650009100298700004600389 a8185617643 aDLCbDLC a808.06665 aBaugh, L. Sue. aHow to write first-class business correspondence : the handbook for business writingcL. Sue Baugh, Maridell Fryar and David A. Thomas aNew Dlhi :bViva Books Pvt. Ltd.,c2005. aix, 302 p. :bill. ;c23 cm. aIncludes Index. a1.Commercial correspondence. 2.Business writing.3.English language --Business English. a1.Fryar, Maridell. 2.Thomas, David Allen.